Fine Arts - Painting | 2 | 6 | 0 | 0 | 90 | 63 | 101.63 | 0 | 0 |
Fine Arts - Music | 1 | 6 | 0 | 0 | 75 | 71 | 97.57 | 0 | 0 |
RMP - World Mythology | 2 | 3 | 0 | 0 | 60 | 64 | 72.80 | 0 | 1 |
History - Cross, Historiography, and Miscellaneous | 3 | 1 | 0 | 0 | 55 | 13 | 43.75 | 1 | 2 |
Science - Biology | 0 | 3 | 0 | 0 | 30 | 103 | 113.33 | 0 | 0 |
RMP - Philosophy | 0 | 3 | 0 | 0 | 30 | 70 | 86.00 | 0 | 0 |
Literature - British | 1 | 1 | 0 | 0 | 25 | 86 | 88.50 | 0 | 1 |
History - European | 1 | 1 | 0 | 0 | 25 | 31 | 74.50 | 0 | 0 |
Science - Physics | 0 | 2 | 0 | 0 | 20 | 118 | 119.50 | 0 | 0 |
Literature - American | 0 | 2 | 0 | 0 | 20 | 108 | 123.50 | 0 | 0 |
Science - Chemistry | 0 | 2 | 0 | 0 | 20 | 85 | 99.50 | 0 | 0 |
Science - Math | 0 | 2 | 0 | 0 | 20 | 89 | 107.00 | 0 | 0 |
Fine Arts - Opera | 0 | 2 | 0 | 0 | 20 | 95 | 119.00 | 0 | 0 |
History - American | 0 | 2 | 0 | 0 | 20 | 65 | 75.50 | 0 | 0 |
Social Science - Linguistics | 1 | 0 | 0 | 0 | 15 | 52 | 52.00 | 0 | 0 |
RMP - Hebrew Bible | 1 | 0 | 0 | 0 | 15 | 62 | 62.00 | 0 | 0 |
Literature - World and Miscellaneous | 1 | 0 | 0 | 0 | 15 | 16 | 16.00 | 1 | 1 |
Social Science - Sociology | 0 | 1 | 0 | 0 | 10 | 92 | 92.00 | 0 | 0 |
Fine Arts - Sculpture | 0 | 1 | 0 | 0 | 10 | 104 | 104.00 | 0 | 0 |
Literature - European | 0 | 1 | 0 | 0 | 10 | 98 | 98.00 | 0 | 0 |
Other - Other Academic and General Knowledge | 0 | 1 | 0 | 0 | 10 | 102 | 102.00 | 0 | 0 |
RMP - East Asian Religion | 0 | 1 | 0 | 0 | 10 | 94 | 94.00 | 0 | 0 |
RMP - Greco-Roman Mythology | 0 | 1 | 0 | 0 | 10 | 92 | 92.00 | 0 | 0 |
RMP - Islam | 0 | 1 | 0 | 0 | 10 | 90 | 90.00 | 0 | 0 |
RMP - Jewish Practice | 0 | 1 | 0 | 0 | 10 | 74 | 74.00 | 0 | 0 |
RMP - Other Religion | 0 | 1 | 0 | 0 | 10 | 59 | 59.00 | 0 | 0 |
Fine Arts - Architecture | 0 | 1 | 0 | 0 | 10 | 109 | 109.00 | 0 | 0 |
RMP - Hinduism | 0 | 0 | 0 | 0 | 0 | | 0.00 | 0 | 0 |